| 000 | 00467nam a22001817a 4500 | ||
|---|---|---|---|
| 003 | OSt | ||
| 005 | 20250423110852.0 | ||
| 008 | 130304t xxu||||| |||| 00| 0 eng d | ||
| 020 | _a0760055335 | ||
| 050 |
_aQA 76.76 _bC275 1998 |
||
| 082 |
_aCS005.75 _bC18 1998 |
||
| 245 |
_aNew perspectives on creating web pages with HTML _cPatrick Carey. |
||
| 260 |
_aBoston _bThomson _c1998 |
||
| 300 | _c24 cm. | ||
| 526 | _c1210L-1700L | ||
| 942 |
_2lcc _cBK |
||
| 999 |
_c16366 _d16366 |
||